El amante de madame Vidal (Record no. 114967)

MARC details
000 -LEADER
campo de control de longitud fija 00965nam a2200253 i 4500
001 - NÚMERO DE CONTROL
campo de control 114967
003 - IDENTIFICADOR DE NÚMERO DE CONTROL
campo de control ES-MaACL
005 - FECHA Y HORA DE LA ÚLTIMA TRANSACCIÓN
campo de control 20250818063054.0
007 - CAMPO FIJO DE DESCRIPCIÓN FÍSICA--INFORMACIÓN GENERAL
campo de control de longitud fija t|
008 - DATOS DE LONGITUD FIJA--INFORMACIÓN GENERAL
campo de control de longitud fija 070214s1930 sp ||||1| spa d
080 ## - NÚMERO DE LA CLASIFICACIÓN DECIMAL UNIVERSAL
Número de la Clasificación Decimal Universal 821.133.1-22"19"
100 1# - ENTRADA PRINCIPAL--NOMBRE DE PERSONA
Nombre de persona Verneuil, Louis,
Fechas asociadas al nombre 1893-1952
9 (RLIN) 114177
245 13 - MENCIÓN DEL TÍTULO
Título El amante de madame Vidal
Resto del título : comedia en tres actos /
Mención de responsabilidad, etc. Luis Verneuil ; versión al castellano de Enrique Fernández Sadz ; dibujos de Merlo.
260 ## - PUBLICACIÓN, DISTRIBUCIÓN, ETC.
Lugar de publicación, distribución, etc. Madrid :
Nombre del editor, distribuidor, etc. Estampa,
Fecha de publicación, distribución, etc. 1930.
300 ## - DESCRIPCIÓN FÍSICA
Extensión 78 p. :
Otras características físicas il. ;
Dimensiones 17 cm.
490 1# - MENCIÓN DE SERIE
Mención de serie La Farsa ;
Designación de volumen o secuencia 170
500 ## - NOTA GENERAL
Nota general Estrenada en el Teatro Avenida, de Madrid, por la Compañía Meliá-Cibrián, el 8 de septiembre de 1930.
500 ## - NOTA GENERAL
Nota general Cubierta de este número : Pepita Meliá en "El amante de M.me Vidal"
700 1# - ENTRADA AGREGADA--NOMBRE PERSONAL
Nombre de persona Merlo, Antonio.
9 (RLIN) 80579
700 1# - ENTRADA AGREGADA--NOMBRE PERSONAL
Nombre de persona Fernando Sadz, Enrique.
9 (RLIN) 50203
830 0# - PUNTO DE ACCESO ADICIONAL DE SERIE-TÍTULO UNIFORME
Título uniforme La Farsa ;
Designación de volumen o secuencia 170
9 (RLIN) 185863
852 ## - LOCALIZACIÓN
Ubicación ES-MaACL
Número de control de estantería C-13208
Holdings
Estatus retirado Estado de pérdida Estado de daño No para préstamo Biblioteca de origen Biblioteca actual Ubicación en estantería Fecha de adquisición Fuente de adquisición Total de préstamos Signatura topográfica completa Código de barras Visto por última vez Precio de reemplazo Tipo de ítem Koha
        Biblioteca del Ateneo de Madrid Biblioteca del Ateneo de Madrid Sala Palomar 17/01/2008     C-13208 1119888 23/02/2023 23/02/2023 Libro impreso